000 00481nam a22001937a 4500
005 20200305122026.0
008 200305b xxu||||| |||| 00| 0 eng d
020 _a9780735214231
_cRs 799
040 _beng
041 _aEnglish
082 _aF
_bFAR
100 _aFarah, Nuruddin
245 _aNorth of dawn
_ba novel
_cNuruddin Farah
260 _aNew York
_bRiverhead Books
_c2018
300 _a373p
_b25 cm
650 _aFiction in English
850 _aLCLIB
942 _cBK
999 _c42634
_d93113